[Event "Ste-Foy - Euwe"]
[Site "Ste-Foy CAN"]
[Date "2016.02.13"]
[Round "5"]
[White "Gaudreau, Eric"]
[Black "Doyon, Stephane"]
[Result "0-1"]
[WhiteElo "1797"]
[BlackElo "1808"]
[PlyCount "50"]
[EventDate "2016.01.16"]
[EventType "swiss"]
[EventRounds "5"]
[EventCountry "CAN"]

1. c4 c6 2. g3 Nf6 3. Bg2 d5 4. Qc2 e6 5. Nf3 Nbd7 6. O-O Bd6 7. b3 O-O 8. Bb2
dxc4 9. bxc4 Qe7 10. d3 e5 11. Nbd2 Re8 12. Rfd1 Nc5 13. a4 Bg4 14. a5 Rad8 15.
Re1 e4 16. dxe4 Nfxe4 17. Nxe4 Nxe4 18. e3 Bb4 19. Nd4 Bxe1 20. Rxe1 Qb4 21.
Ra1 c5 22. Bxe4 Rxe4 23. Qxe4 Qxb2 24. Rb1 Qa2 25. Rxb7 Bh3 0-1

[Event "Ste-Foy - Euwe"]
[Site "Ste-Foy CAN"]
[Date "2016.02.13"]
[Round "5"]
[White "Lescarbeau, Martin"]
[Black "Sarra-Bournet, Marc"]
[Result "0-1"]
[WhiteElo "1650"]
[BlackElo "1856"]
[PlyCount "54"]
[EventDate "2016.01.16"]
[EventType "swiss"]
[EventRounds "5"]
[EventCountry "CAN"]

1. d4 d5 2. e4 dxe4 3. Nc3 Nf6 4. f3 exf3 5. Nxf3 Bg4 6. Bc4 e6 7. Bg5 Be7 8.
Qd2 O-O 9. O-O-O Nc6 10. h3 Bxf3 11. gxf3 Nd5 12. Ne4 Bxg5 13. Nxg5 Qf6 14. Bd3
g6 15. c3 Nf4 16. Ne4 Nxd3+ 17. Qxd3 Qf4+ 18. Kb1 Rad8 19. Qc2 b5 20. h4 b4 21.
h5 Rd5 22. Rdg1 bxc3 23. bxc3 Rb8+ 24. Ka1 Rf5 25. hxg6 hxg6 26. Rg4 Qxf3 27.
Qh2 Qf1+ 0-1

[Event "Ste-Foy - Euwe"]
[Site "Ste-Foy CAN"]
[Date "2016.02.13"]
[Round "5"]
[White "Sauve, Richard"]
[Black "Chouinard, Etienne"]
[Result "1/2-1/2"]
[WhiteElo "1859"]
[BlackElo "1824"]
[PlyCount "56"]
[EventDate "2016.01.16"]
[EventType "swiss"]
[EventRounds "5"]
[EventCountry "CAN"]

1. d4 d5 2. c4 e6 3. Nc3 Nf6 4. Bg5 Nbd7 5. cxd5 exd5 6. e3 c6 7. Nf3 Qa5 8.
Bd3 Bb4 9. Qc2 O-O 10. O-O h6 11. Bh4 Re8 12. a3 Bxc3 13. bxc3 Ne4 14. Rfc1 Nb6
15. Ne5 f6 16. Nf3 Nc4 17. Bxc4 dxc4 18. Nd2 Nxd2 19. Qxd2 Bf5 20. Qb2 b6 21.
Qb4 Bd3 22. Bg3 Qxb4 23. axb4 a5 24. bxa5 Rxa5 25. Rxa5 bxa5 26. Ra1 Ra8 27.
Bc7 a4 28. Bd6 Kf7 1/2-1/2

[Event "Ste-Foy - Fischer"]
[Site "Ste-Foy CAN"]
[Date "2016.10.15"]
[Round "1"]
[White "Dube, Daniel"]
[Black "Poliquin, Yvon"]
[Result "1/2-1/2"]
[WhiteElo "1800"]
[BlackElo "2008"]
[PlyCount "87"]
[EventDate "2016.10.15"]
[EventType "tourn"]
[EventRounds "5"]
[EventCountry "CAN"]

1. e4 c5 2. Nf3 d6 3. d4 cxd4 4. Nxd4 Nf6 5. Nc3 g6 6. f4 Nc6 7. Nxc6 bxc6 8.
e5 Bg4 9. Be2 Bxe2 10. Qxe2 dxe5 11. fxe5 Nh5 12. O-O e6 13. Be3 Qc7 14. g4 Ng7
15. Qf3 h5 16. Ne4 hxg4 17. Nf6+ Kd8 18. Qxg4 Nf5 19. Rad1+ Kc8 20. Rxf5 gxf5
21. Qc4 Be7 22. Rd7 Qxd7 23. Nxd7 Kxd7 24. Bc5 Rag8+ 25. Kh1 Bxc5 26. Qxc5 Rc8
27. Qxa7+ Rc7 28. Qc5 Kc8 29. a4 Rd8 30. a5 Rd5 31. Qf8+ Kb7 32. b4 Rd1+ 33.
Kg2 Rd2+ 34. Kg3 Rxc2 35. Qd6 Rc3+ 36. Kf4 Ra3 37. Qc5 Kc8 38. h4 Rh3 39. a6
Rxh4+ 40. Kf3 Rh8 41. Qb6 Rh3+ 42. Kf4 Ra3 43. Kg5 Rg3+ 44. Kf4 1/2-1/2

[Event "Ste-Foy - Fischer"]
[Site "Ste-Foy CAN"]
[Date "2016.10.15"]
[Round "1"]
[White "Gaudreau, Eric"]
[Black "Bahadi, Khalid"]
[Result "0-1"]
[WhiteElo "1721"]
[BlackElo "1916"]
[PlyCount "48"]
[EventDate "2016.10.15"]
[EventType "tourn"]
[EventRounds "5"]
[EventCountry "CAN"]

1. d4 Nf6 2. Bg5 e6 3. Nd2 d5 4. e3 c5 5. Bd3 c4 6. Be2 Nc6 7. c3 Bd6 8. e4 Bc7
9. e5 h6 10. exf6 hxg5 11. fxg7 Rg8 12. b3 b5 13. bxc4 bxc4 14. h4 gxh4 15.
Ngf3 Qf6 16. Qc2 Qxg7 17. O-O-O Rb8 18. Rxh4 Bd6 19. Rdh1 Bd7 20. Rh7 Qf8 21.
Ne5 Nxe5 22. dxe5 Bxe5 23. Rxf7 Qa3+ 24. Kd1 Ba4 0-1

[Event "Ste-Foy - Fischer"]
[Site "Ste-Foy CAN"]
[Date "2016.10.15"]
[Round "1"]
[White "Jean, Martin"]
[Black "Chouinard, Etienne"]
[Result "1-0"]
[WhiteElo "1592"]
[BlackElo "1880"]
[PlyCount "59"]
[EventDate "2016.10.15"]
[EventType "tourn"]
[EventRounds "5"]
[EventCountry "CAN"]

1. c4 Nf6 2. Nc3 e6 3. g3 d5 4. cxd5 exd5 5. Bg2 c6 6. Nf3 Nbd7 7. a3 Nb6 8.
O-O Be7 9. Qc2 O-O 10. b4 Be6 11. Bb2 h6 12. Kh1 a6 13. d3 Bf5 14. Rfe1 Bh7 15.
e4 Re8 16. Qb3 Bf8 17. exd5 Rxe1+ 18. Rxe1 Nbxd5 19. Ne5 Rc8 20. Ne4 Rc7 21.
Nxf6+ Nxf6 22. Bh3 Qd5+ 23. Qxd5 Nxd5 24. Nd7 Be7 25. Be5 Rxd7 26. Bxd7 Bxd3
27. Bd4 Kh7 28. Bc8 b6 29. Bb7 Nxb4 30. Rxe7 1-0

[Event "Ste-Foy - Fischer"]
[Site "Ste-Foy CAN"]
[Date "2016.10.15"]
[Round "1"]
[White "Lessard, Claude"]
[Black "Skakni, Ismael"]
[Result "1-0"]
[WhiteElo "2132"]
[BlackElo "1820"]
[PlyCount "69"]
[EventDate "2016.10.15"]
[EventType "tourn"]
[EventRounds "5"]
[EventCountry "CAN"]

1. Nf3 Nf6 2. g3 d5 3. Bg2 e6 4. c4 c6 5. d4 Nbd7 6. cxd5 cxd5 7. O-O Be7 8.
Nc3 b6 9. Bf4 a6 10. Rc1 O-O 11. e4 dxe4 12. Ng5 Bb7 13. Ngxe4 Bxe4 14. Nxe4
Nxe4 15. Bxe4 Rc8 16. Qd3 Nf6 17. Bb7 Rxc1 18. Rxc1 Nd5 19. Bd2 a5 20. a3 g6
21. Bh6 Qb8 22. Bxf8 Qxb7 23. Bxe7 Qxe7 24. Qe4 Qf6 25. Rc8+ Kg7 26. Qe5 h5 27.
Kg2 Ne7 28. Rb8 Nd5 29. h4 Qxe5 30. dxe5 Kh7 31. Kf3 Kh6 32. Rb7 Kg7 33. Ke4
Kf8 34. Kd4 Kg8 35. Rd7 1-0

[Event "Ste-Foy - Fischer"]
[Site "Ste-Foy CAN"]
[Date "2016.10.15"]
[Round "1"]
[White "Sauve, Richard"]
[Black "Nafii, Adil"]
[Result "1-0"]
[WhiteElo "1888"]
[BlackElo "1593"]
[PlyCount "78"]
[EventDate "2016.10.15"]
[EventType "tourn"]
[EventRounds "5"]
[EventCountry "CAN"]

1. d4 d5 2. c4 e6 3. Nc3 Nf6 4. Bg5 Be7 5. e3 Bd7 6. Bxf6 Bxf6 7. cxd5 exd5 8.
Nxd5 Bg5 9. Nf3 Bg4 10. Qa4+ Bd7 11. Qc4 Na6 12. Nxg5 Qxg5 13. Nxc7+ Nxc7 14.
Qxc7 Rc8 15. Qxb7 Qa5+ 16. Kd1 Ba4+ 17. b3 Qc3 18. Qe4+ Kd8 19. Rb1 Bc6 20. Qd3
Qa5 21. Qd2 Qh5+ 22. Qe2 Qg6 23. Rc1 Ke7 24. f3 Bd7 25. Qd3 Rxc1+ 26. Kxc1 Rc8+
27. Kb2 Qg5 28. Qe4+ Kf8 29. Qe5 Qg6 30. e4 Kg8 31. g3 Qc6 32. Bc4 Qh6 33. Qf4
Qh3 34. Qd2 a5 35. Rc1 a4 36. Bf1 a3+ 37. Kxa3 Ra8+ 38. Kb2 Qe6 39. Rc5 Qd6 1-0

[Event "Ste-Foy - Fischer"]
[Site "Ste-Foy CAN"]
[Date "2016.10.22"]
[Round "2"]
[White "Chouinard, Etienne"]
[Black "Nafii, Adil"]
[Result "1-0"]
[WhiteElo "1880"]
[BlackElo "1593"]
[PlyCount "97"]
[EventDate "2016.10.15"]
[EventType "tourn"]
[EventRounds "5"]
[EventCountry "CAN"]

1. e4 c5 2. f4 Nc6 3. Nf3 e6 4. d4 cxd4 5. Nxd4 Bc5 6. Be3 Qb6 7. c3 Bxd4 8.
Bxd4 Nxd4 9. Qxd4 Qxb2 10. Qxg7 Qxa1 11. Bd3 Qb2 12. O-O Qb6+ 13. Kh1 Qe3 14.
Qxh8 Qxd3 15. Qxg8+ Ke7 16. Qg5+ Ke8 17. Re1 b6 18. f5 Bb7 19. f6 Kd8 20. Qg8+
Kc7 21. Qxf7 Bxe4 22. Qg7 Bg6 23. h3 a5 24. Na3 Be4 25. Rxe4 Qxe4 26. Nb5+ Kc6
27. Nd4+ Kc7 28. f7 e5 29. Ne6+ Kd6 30. f8=Q+ Rxf8 31. Nxf8 Qe1+ 32. Kh2 Qxc3
33. Qxd7+ Kc5 34. Qxh7 b5 35. Ne6+ Kd6 36. Ng5 Qe3 37. Qh6+ Kd5 38. Qe6+ Kc5
39. Qe7+ Kc4 40. Ne6 a4 41. a3 Kd5 42. Qd7+ Kc4 43. Qc6+ Kb3 44. Qxb5+ Kxa3 45.
Qc5+ Qxc5 46. Nxc5 Kb4 47. Nxa4 e4 48. Kg1 Kc4 49. Kf1 1-0

[Event "Ste-Foy - Fischer"]
[Site "Ste-Foy CAN"]
[Date "2016.10.22"]
[Round "2"]
[White "Desbiens, Raphael"]
[Black "Dube, Daniel"]
[Result "1/2-1/2"]
[WhiteElo "1363"]
[BlackElo "1800"]
[PlyCount "87"]
[EventDate "2016.10.15"]
[EventType "tourn"]
[EventRounds "5"]
[EventCountry "CAN"]

1. e4 g6 2. d4 Bg7 3. c4 d6 4. Nf3 Nf6 5. Nc3 O-O 6. Be2 e5 7. d5 a5 8. O-O Na6
9. Qc2 Nc5 10. Bg5 h6 11. Be3 b6 12. Ne1 Ng4 13. Bxg4 Bxg4 14. f3 Bd7 15. b3 f5
16. Nd3 f4 17. Bf2 Bf6 18. a3 Bh4 19. b4 Nxd3 20. Qxd3 Bxf2+ 21. Kxf2 Qh4+ 22.
Kg1 g5 23. h3 Rf7 24. Qe2 h5 25. Qf2 Qxf2+ 26. Kxf2 g4 27. hxg4 hxg4 28. b5
Raf8 29. Rh1 Rg7 30. Ne2 g3+ 31. Ke1 Rff7 32. Kd2 Rh7 33. Nc3 Rfg7 34. Rag1 Rh2
35. Kd3 Rgh7 36. Rxh2 Rxh2 37. Nb1 Kg7 38. Nd2 Kg6 39. Nf1 Rh7 40. Ke2 Rh8 41.
Kd3 Kg5 42. Kc3 Be8 43. Kd3 Bg6 44. Kc3 1/2-1/2

[Event "Ste-Foy - Fischer"]
[Site "Ste-Foy CAN"]
[Date "2016.10.22"]
[Round "2"]
[White "Doyon, Stephane"]
[Black "Sauve, Richard"]
[Result "1/2-1/2"]
[WhiteElo "1852"]
[BlackElo "1888"]
[PlyCount "82"]
[EventDate "2016.10.15"]
[EventType "tourn"]
[EventRounds "5"]
[EventCountry "CAN"]

1. e4 e6 2. d4 d5 3. Nd2 Nf6 4. e5 Nfd7 5. Bd3 c5 6. c3 Nc6 7. Ne2 cxd4 8. cxd4
f6 9. exf6 Nxf6 10. O-O Bd6 11. Nf3 O-O 12. Bg5 Qb6 13. b3 Bd7 14. Rc1 Rac8 15.
Bh4 Ba3 16. Rc2 Kh8 17. Ne5 Nxe5 18. dxe5 Ng4 19. Bg3 Bc5 20. Nf4 Nh6 21. Qe2
Nf5 22. Bxf5 Rxf5 23. Rfc1 Rff8 24. Qh5 Kg8 25. Nd3 Ba3 26. Rxc8 Bxc8 27. Rc2
Bd7 28. Qg4 Qa5 29. Qd1 Qb6 30. Bf4 Bb5 31. Be3 Qa6 32. Nc5 Bxc5 33. Bxc5 Rc8
34. Bd6 Rxc2 35. Qxc2 Qc6 36. Qxc6 Bxc6 37. Bc5 b6 38. Be3 Kf7 39. f3 Kg6 40.
Kf2 Bb5 41. Bd4 Kf5 1/2-1/2

[Event "Ste-Foy - Fischer"]
[Site "Ste-Foy CAN"]
[Date "2016.10.22"]
[Round "2"]
[White "Jean, Martin"]
[Black "Sarra-Bournet, Marc"]
[Result "0-1"]
[WhiteElo "1592"]
[BlackElo "1862"]
[PlyCount "62"]
[EventDate "2016.10.15"]
[EventType "tourn"]
[EventRounds "5"]
[EventCountry "CAN"]

1. c4 e5 2. Nc3 Nf6 3. g3 Be7 4. Bg2 c6 5. d3 O-O 6. Nf3 d6 7. O-O Nbd7 8. a3
a5 9. Rb1 d5 10. cxd5 cxd5 11. Nh4 d4 12. Ne4 Nxe4 13. Bxe4 Bxh4 14. gxh4 Qxh4
15. Kh1 Nf6 16. Bf3 Bh3 17. Rg1 Ra6 18. Bg5 Qxf2 19. Bh6 Ng4 20. Bxg4 Rxh6 21.
Bxh3 Rxh3 22. Rg2 Qf6 23. Qd2 b6 24. Rbg1 g6 25. Qc1 Qe6 26. Rg3 Rc8 27. Qf1
Qc6+ 28. Rf3 Rxf3 29. exf3 Qc2 30. Rg2 Qc1 31. Kg1 Qe3+ 0-1

[Event "Ste-Foy - Fischer"]
[Site "Ste-Foy CAN"]
[Date "2016.10.22"]
[Round "2"]
[White "Labrecque, Rejean"]
[Black "Caron, Sebastien"]
[Result "0-1"]
[WhiteElo "1675"]
[BlackElo "1987"]
[PlyCount "168"]
[EventDate "2016.10.15"]
[EventType "tourn"]
[EventRounds "5"]
[EventCountry "CAN"]

1. d4 f5 2. Bg5 g6 3. Nc3 Bg7 4. e4 fxe4 5. Nxe4 Nf6 6. Nxf6+ exf6 7. Be3 d5 8.
Qd2 Nc6 9. O-O-O Be6 10. Nf3 Qd7 11. h3 a6 12. g4 O-O-O 13. Bd3 Bf8 14. c3 Bd6
15. Bf4 g5 16. Bxd6 Qxd6 17. Rde1 Kb8 18. Re2 h5 19. Rhe1 Bd7 20. Bf5 hxg4 21.
hxg4 Rh3 22. Ng1 Rh1 23. Bxd7 Qxd7 24. f3 Rdh8 25. Qe3 Qd6 26. Rg2 Ka7 27. Ree2
R8h7 28. Kc2 Re7 29. Qd2 Rxe2 30. Nxe2 Rf1 31. Qe3 Ra1 32. c4 Nb4+ 33. Kd2 Nxa2
34. c5 Qc6 35. Qb3 a5 36. Rg1 Rxg1 37. Nxg1 Nb4 38. Ne2 b6 39. cxb6+ cxb6 40.
Qc3 Qd6 41. Qc8 Na2 42. Qc2 Qb4+ 43. Kd1 Qd6 44. Nc3 Nxc3+ 45. Qxc3 Kb7 46. Kc2
Qc6 47. Kb3 Qb5+ 48. Ka3 Qc4 49. Qd2 Ka6 50. b3 Qf1 51. Qc3 Kb7 52. Kb2 Qe2+
53. Ka3 Qe7+ 54. Kb2 Qd7 55. Qd3 Qc6 56. Qh7+ Ka6 57. Qf5 b5 58. Qd3 Kb6 59.
Qf5 b4 60. Qd3 Qd6 61. Qc2 Qe7 62. Qd2 Qc7 63. Qd3 Qc6 64. Qd2 Qd6 65. Qc2 Qc6
66. Qd3 a4 67. bxa4 Qxa4 68. Qe3 Qc6 69. Qd3 Qc4 70. Qe3 Ka5 71. Qd2 Qc3+ 72.
Qxc3 bxc3+ 73. Kxc3 Ka4 74. Kd2 Kb4 75. Kd3 Kb3 76. Ke3 Kc3 77. f4 Kc4 78. fxg5
fxg5 79. Ke2 Kxd4 80. Kd2 Ke4 81. Kc3 d4+ 82. Kd2 Kf4 83. Kd3 Kxg4 84. Kxd4 Kf3
0-1

[Event "Ste-Foy - Fischer"]
[Site "Ste-Foy CAN"]
[Date "2016.10.22"]
[Round "2"]
[White "Poliquin, Yvon"]
[Black "Leblanc-Legault, Mathieu"]
[Result "1/2-1/2"]
[WhiteElo "2008"]
[BlackElo "1743"]
[PlyCount "114"]
[EventDate "2016.10.15"]
[EventType "tourn"]
[EventRounds "5"]
[EventCountry "CAN"]

1. e4 e6 2. d4 d5 3. e5 c5 4. Nf3 Nc6 5. Bd3 Bd7 6. O-O Qb6 7. c3 cxd4 8. cxd4
Nxd4 9. Ng5 g6 10. Be3 Bc5 11. Qd2 Nc6 12. Bxc5 Qxc5 13. Rc1 Qb4 14. Qe3 Qd4
15. Qxd4 Nxd4 16. Nd2 Nc6 17. f4 Nge7 18. Nb3 b6 19. Nf3 O-O 20. a3 a6 21. Rc2
Rfc8 22. Rac1 h6 23. Kf2 Kf8 24. g4 Ke8 25. h3 Kd8 26. Re1 Nb8 27. Rxc8+ Kxc8
28. Nbd4 Nbc6 29. f5 gxf5 30. gxf5 Nxd4 31. Nxd4 Nxf5 32. Bxf5 exf5 33. Rg1 Kc7
34. Kf3 f4 35. Rg7 Re8 36. Kxf4 Re7 37. Nf5 Bxf5 38. Kxf5 Kd7 39. Rh7 f6 40.
Rxe7+ Kxe7 41. exf6+ Kf7 42. Ke5 d4 43. Kxd4 Kxf6 44. Kd5 Kg5 45. Kc6 Kh4 46.
Kxb6 Kxh3 47. Kxa6 Kg4 48. b4 h5 49. b5 h4 50. b6 h3 51. b7 h2 52. b8=Q h1=Q
53. Qb4+ Kf5 54. Qf8+ Ke6 55. Qe8+ Kd6 56. a4 Qc6+ 57. Qxc6+ Kxc6 1/2-1/2

[Event "Ste-Foy - Fischer"]
[Site "Ste-Foy CAN"]
[Date "2016.10.29"]
[Round "3"]
[White "Bahadi, Khalid"]
[Black "Laflamme, Simon"]
[Result "0-1"]
[WhiteElo "1916"]
[BlackElo "1823"]
[PlyCount "84"]
[EventDate "2016.10.15"]
[EventType "tourn"]
[EventRounds "5"]
[EventCountry "CAN"]

1. e4 c6 2. d4 d5 3. Nc3 dxe4 4. Nxe4 Bf5 5. Ng3 Bg6 6. h4 h6 7. Nf3 Nd7 8. h5
Bh7 9. Bd3 Bxd3 10. Qxd3 e6 11. Bd2 Ngf6 12. O-O-O Be7 13. c4 O-O 14. Ne4 Rc8
15. Kb1 c5 16. Bc3 Nxe4 17. Qxe4 cxd4 18. Nxd4 Rxc4 19. Qe2 Rxc3 20. bxc3 Nc5
21. Rh3 Bf6 22. Qc2 Qa5 23. Nb3 Nxb3 24. axb3 Rc8 25. Kb2 b5 26. Ra1 Qc7 27. b4
Qc4 28. Qb3 Qe2+ 29. Ka3 Rc6 30. Qb2 Qc4 31. Qd2 Ra6+ 32. Kb2 Qxb4+ 33. Kc2
Qe4+ 34. Kb2 Rxa1 35. Kxa1 b4 36. Qd3 Qe1+ 37. Ka2 Qxf2+ 38. Kb3 bxc3 39. Qc2
Qb6+ 40. Ka2 Qa5+ 41. Kb3 Qd5+ 42. Kb4 a5+ 0-1

[Event "Ste-Foy - Fischer"]
[Site "Ste-Foy CAN"]
[Date "2016.10.29"]
[Round "3"]
[White "Caron, Sebastien"]
[Black "Doyon, Stephane"]
[Result "0-1"]
[WhiteElo "1987"]
[BlackElo "1852"]
[PlyCount "69"]
[EventDate "2016.10.15"]
[EventType "tourn"]
[EventRounds "5"]
[EventCountry "CAN"]

1. e4 c6 2. d4 d5 3. e5 Bf5 4. g4 Bd7 5. c4 e6 6. Nc3 Ne7 7. Nf3 c5 8. Rg1 cxd4
9. Nxd4 dxc4 10. f4 Nd5 11. Rg3 Be7 12. g5 Qb6 13. Bxc4 Bc5 14. Ndb5 Nxc3 15.
Nxc3 Bf2+ 16. Kf1 Bxg3 17. hxg3 Qc6 18. Qd3 Qh1+ 19. Ke2 Bc6 20. b4 Qg2+ 21.
Ke1 O-O 22. b5 Bf3 23. Ne2 Bxe2 24. Qxe2 Qxg3+ 25. Kf1 Rd8 26. a4 Qh3+ 27. Kg1
Qg3+ 28. Kf1 Qc3 29. Bb2 Qh3+ 30. Kg1 Qg3+ 31. Kh1 Qxf4 32. Rd1 Qh4+ 33. Kg2
Qxg5+ 34. Kh3 Nd7 35. Rg1 0-1

[Event "Ste-Foy - Fischer"]
[Site "Ste-Foy CAN"]
[Date "2016.10.29"]
[Round "3"]
[White "Dube, Daniel"]
[Black "Skakni, Ismael"]
[Result "1/2-1/2"]
[WhiteElo "1800"]
[BlackElo "1820"]
[PlyCount "60"]
[EventDate "2016.10.15"]
[EventType "tourn"]
[EventRounds "5"]
[EventCountry "CAN"]

1. e4 e5 2. Nf3 Nf6 3. Nxe5 d6 4. Nf3 Nxe4 5. c4 Be7 6. d4 d5 7. Nc3 Nxc3 8.
bxc3 O-O 9. Bd3 Nc6 10. O-O Bg4 11. Bf4 Na5 12. cxd5 Qxd5 13. Bxc7 Rac8 14.
Bxa5 Qxa5 15. c4 Qh5 16. h3 Bxf3 17. Qxf3 Qxf3 18. gxf3 Bf6 19. Rad1 g6 20. d5
Rfd8 21. a4 b6 22. Rfe1 Kf8 23. Rb1 Rc5 24. Rb5 Rxb5 25. axb5 Bd4 26. Re4 Bc5
27. Re2 Rd7 28. f4 Re7 29. Rd2 Bd6 30. f5 Kg7 1/2-1/2

[Event "Ste-Foy - Fischer"]
[Site "Ste-Foy CAN"]
[Date "2016.10.29"]
[Round "3"]
[White "Sarra-Bournet, Marc"]
[Black "Lessard, Claude"]
[Result "1/2-1/2"]
[WhiteElo "1862"]
[BlackElo "2132"]
[PlyCount "144"]
[EventDate "2016.10.15"]
[EventType "tourn"]
[EventRounds "5"]
[EventCountry "CAN"]

1. e4 c6 2. d4 d5 3. Nc3 dxe4 4. Nxe4 Nf6 5. Nxf6+ gxf6 6. Nf3 Rg8 7. g3 Bg4 8.
Bg2 Qa5+ 9. c3 Nd7 10. O-O O-O-O 11. Qb3 Qh5 12. c4 Nb6 13. Nh4 Be2 14. c5 Nd5
15. Re1 e5 16. dxe5 fxe5 17. Qc2 Bg4 18. Qe4 Bxc5 19. Qxe5 Qxe5 20. Rxe5 f6 21.
Re4 Rde8 22. Bd2 Rd8 23. Rc1 Bb6 24. Be1 Kb8 25. h3 Bd7 26. Kh2 f5 27. Re5 f4
28. Bxd5 fxg3+ 29. fxg3 cxd5 30. Rxd5 Rge8 31. Ng2 Re2 32. Rd2 Rxd2 33. Bxd2
Bc6 34. Bf4+ Ka8 35. Re1 a5 36. a3 a4 37. Re2 Rd1 38. Re1 Rd3 39. Re2 Rb3 40.
Be5 Rf3 41. g4 Bb5 42. Rd2 Ka7 43. Nh4 Re3 44. Bf4 Rb3 45. Nf5 Ba5 46. Rf2 Be1
47. Rg2 Bf1 48. Be3+ Ka6 49. Rc2 Bd3 50. Rc1 Rxb2+ 51. Kg1 Ba5 52. Rd1 Be4 53.
Nd6 Bf3 54. Rc1 Rg2+ 55. Kf1 Rh2 56. Nc4 Bc7 57. Nd2 Be2+ 58. Kg1 Rxh3 59. Rxc7
Rxe3 60. Kf2 Re5 61. Rxh7 Bxg4 62. Kg3 Be2 63. Kf4 Re8 64. Rh6+ b6 65. Ne4 Rc8
66. Ke3 Bb5 67. Kd4 Rc1 68. Nc3 Ra1 69. Rh5 Bc6 70. Rh6 Bb7 71. Nxa4 Rxa3 72.
Rxb6+ Ka7 1/2-1/2

[Event "Ste-Foy - Fischer"]
[Site "Ste-Foy CAN"]
[Date "2016.10.29"]
[Round "3"]
[White "Sauve, Richard"]
[Black "Chouinard, Etienne"]
[Result "1/2-1/2"]
[WhiteElo "1888"]
[BlackElo "1880"]
[PlyCount "83"]
[EventDate "2016.10.15"]
[EventType "tourn"]
[EventRounds "5"]
[EventCountry "CAN"]

1. d4 d5 2. c4 e6 3. Nc3 Nf6 4. cxd5 exd5 5. Bg5 Nbd7 6. e3 c6 7. Bd3 Be7 8.
Nge2 Nf8 9. Qc2 Ne6 10. Bh4 h6 11. O-O O-O 12. Rab1 c5 13. dxc5 Nxc5 14. Bf5 g5
15. Bg3 Kg7 16. Rfd1 Be6 17. Nd4 Qd7 18. e4 Ncxe4 19. Bxe4 dxe4 20. Nf5+ Bxf5
21. Rxd7 Nxd7 22. Re1 Rac8 23. Qe2 Bc5 24. Qb5 b6 25. Rd1 Nf6 26. Bd6 Rfd8 27.
Bxc5 Rxd1+ 28. Nxd1 Rxc5 29. Qe2 Rc1 30. h3 e3 31. Kh2 exf2 32. Nxf2 Rc2 33.
Qf3 Bg6 34. Ng4 Nxg4+ 35. Qxg4 Kh7 36. Qd4 b5 37. a3 a6 38. Qf6 Re2 39. b4 Re6
40. Qd4 Re4 41. Qa7 Re6 42. Qd4 1/2-1/2

[Event "Ste-Foy - Fischer"]
[Site "Ste-Foy CAN"]
[Date "2016.11.05"]
[Round "4"]
[White "Desbiens, Raphael"]
[Black "Sauve, Richard"]
[Result "0-1"]
[WhiteElo "1363"]
[BlackElo "1888"]
[PlyCount "38"]
[EventDate "2016.10.15"]
[EventType "tourn"]
[EventRounds "5"]
[EventCountry "CAN"]

1. e4 e6 2. d4 d5 3. Nd2 Nf6 4. e5 Nfd7 5. Bd3 c5 6. c3 Nc6 7. Ne2 cxd4 8. cxd4
f6 9. exf6 Nxf6 10. O-O Bd6 11. Nf3 O-O 12. Bf4 Bxf4 13. Nxf4 Ne4 14. Qc1 Qf6
15. Nh5 Qg6 16. Ng3 Nxg3 17. fxg3 Qxd3 18. Qc5 Bd7 19. Qd6 Rad8 0-1

[Event "Ste-Foy - Fischer"]
[Site "Ste-Foy CAN"]
[Date "2016.11.05"]
[Round "4"]
[White "Doyon, Stephane"]
[Black "Sarra-Bournet, Marc"]
[Result "1-0"]
[WhiteElo "1852"]
[BlackElo "1862"]
[PlyCount "105"]
[EventDate "2016.10.15"]
[EventType "tourn"]
[EventRounds "5"]
[EventCountry "CAN"]

1. e4 e5 2. Nf3 Nc6 3. d4 exd4 4. Nxd4 Bc5 5. Nxc6 Qf6 6. Qf3 bxc6 7. Nd2 Qxf3
8. gxf3 Ne7 9. Nb3 Bb6 10. a4 a5 11. Rg1 Ng6 12. Be3 O-O 13. O-O-O Bxe3+ 14.
fxe3 d6 15. Nd4 Bb7 16. Nf5 d5 17. Bd3 Rfe8 18. h4 Bc8 19. exd5 Bxf5 20. Bxf5
Nxh4 21. Bd7 Rxe3 22. Bxc6 Rd8 23. Rge1 Rxe1 24. Rxe1 Nxf3 25. Re7 Nd4 26. Rxc7
f5 27. Bd7 f4 28. c3 Ne2+ 29. Kd1 f3 30. Be6+ Kh8 31. Rf7 Ng1 32. Ke1 g5 33.
Kf2 Ne2 34. Kxf3 Nf4 35. c4 Rb8 36. Kg4 h6 37. c5 Rxb2 38. c6 Rg2+ 39. Kf3 Rc2
40. c7 Ng6 41. Ke3 Rc3+ 42. Kd4 Rc1 43. c8=Q+ Rxc8 44. Bxc8 h5 45. d6 Kg8 46.
Rf1 Nf8 47. d7 Ne6+ 48. Kc3 g4 49. Re1 Nd8 50. Re8+ Kf7 51. Rxd8 g3 52. Re8 g2
53. Re1 1-0

[Event "Ste-Foy - Fischer"]
[Site "Ste-Foy CAN"]
[Date "2016.11.05"]
[Round "4"]
[White "Dube, Daniel"]
[Black "Caron, Sebastien"]
[Result "1-0"]
[WhiteElo "1800"]
[BlackElo "1987"]
[PlyCount "55"]
[EventDate "2016.10.15"]
[EventType "tourn"]
[EventRounds "5"]
[EventCountry "CAN"]

1. e4 c5 2. Nf3 d6 3. d4 cxd4 4. Nxd4 Nf6 5. Nc3 a6 6. Bg5 e6 7. Qf3 Be7 8.
O-O-O Qc7 9. Bd3 Nc6 10. Nxc6 bxc6 11. e5 dxe5 12. Ne4 Nxe4 13. Bxe7 Kxe7 14.
Qxe4 Rb8 15. Qh4+ f6 16. Qg3 Kf7 17. Bc4 Qb6 18. b3 Qc5 19. f4 exf4 20. Qxf4
Rb7 21. Kb1 Re7 22. Rd6 Rhe8 23. Rhd1 a5 24. Qe4 Qe5 25. Qxh7 Bb7 26. R6d3 c5
27. Rg3 Rg8 28. Qg6+ 1-0

[Event "Ste-Foy - Fischer"]
[Site "Ste-Foy CAN"]
[Date "2016.11.05"]
[Round "4"]
[White "Labrecque, Rejean"]
[Black "Poliquin, Yvon"]
[Result "0-1"]
[WhiteElo "1675"]
[BlackElo "2008"]
[PlyCount "88"]
[EventDate "2016.10.15"]
[EventType "tourn"]
[EventRounds "5"]
[EventCountry "CAN"]

1. d4 d5 2. c4 Bf5 3. Qb3 Nc6 4. e3 e6 5. cxd5 Qxd5 6. Qxd5 exd5 7. Nc3 Nb4 8.
Bb5+ c6 9. Ba4 Nc2+ 10. Bxc2 Bxc2 11. Nge2 Nf6 12. O-O Bd6 13. Bd2 O-O 14. Rfc1
Bd3 15. Re1 a5 16. a4 Rfc8 17. Nf4 Bf5 18. f3 Bxf4 19. exf4 Re8 20. Re5 Bd3 21.
Rae1 b6 22. Kf2 Kf8 23. R1e3 Bc2 24. Ke2 Nd7 25. Rxe8+ Rxe8 26. Rxe8+ Kxe8 27.
Be3 f5 28. Bf2 Bb3 29. g4 fxg4 30. fxg4 Ke7 31. f5 Nf6 32. Bh4 Kd6 33. Bxf6
gxf6 34. h4 Ke7 35. Ke3 c5 36. g5 Kf7 37. Kd3 Kg7 38. Ne2 Bc4+ 39. Ke3 Bxe2 40.
Kxe2 fxg5 41. hxg5 h5 42. gxh6+ Kxh6 43. Ke3 Kg5 44. dxc5 bxc5 0-1

[Event "Ste-Foy - Fischer"]
[Site "Ste-Foy CAN"]
[Date "2016.11.05"]
[Round "4"]
[White "Laflamme, Simon"]
[Black "Lessard, Claude"]
[Result "0-1"]
[WhiteElo "1823"]
[BlackElo "2132"]
[PlyCount "58"]
[EventDate "2016.10.15"]
[EventType "tourn"]
[EventRounds "5"]
[EventCountry "CAN"]

1. Nf3 Nf6 2. c4 c6 3. Nc3 d5 4. e3 e6 5. Qc2 Nbd7 6. b3 Bd6 7. Bb2 Qe7 8. Be2
O-O 9. Rg1 e5 10. g4 dxc4 11. bxc4 e4 12. Nd4 Nc5 13. g5 Ne8 14. h4 f5 15. f4
exf3 16. Nxf3 Ne4 17. Nxe4 fxe4 18. Nd4 a6 19. Rc1 c5 20. Nb3 Bh3 21. Bh5 Bh2
22. Rh1 Bg3+ 23. Kd1 Bg2 24. Rg1 Rf2 25. Qc3 b6 26. Kc2 Rd8 27. Rxg2 Rxg2 28.
Rf1 Rf2 29. Rg1 Rd3 0-1

[Event "Ste-Foy - Fischer"]
[Site "Ste-Foy CAN"]
[Date "2016.11.12"]
[Round "5"]
[White "Bahadi, Khalid"]
[Black "Leblanc-Legault, Mathieu"]
[Result "1-0"]
[WhiteElo "1916"]
[BlackElo "1743"]
[PlyCount "53"]
[EventDate "2016.10.15"]
[EventType "tourn"]
[EventRounds "5"]
[EventCountry "CAN"]

1. e4 d5 2. exd5 Qxd5 3. Nc3 Qd8 4. d4 Nf6 5. Nf3 e6 6. Bg5 Be7 7. Bd3 Nbd7 8.
Qd2 O-O 9. h4 b6 10. O-O-O Bb7 11. Ne5 c5 12. Bb5 Nxe5 13. dxe5 Nd5 14. Ne4 f6
15. exf6 Nxf6 16. Nxf6+ Bxf6 17. Qe3 Qc8 18. Bd7 Qc7 19. Bxe6+ Kh8 20. Rd7 Qc6
21. Rhd1 Bd4 22. R1xd4 cxd4 23. Qxd4 Rg8 24. Bh6 Qxg2 25. Bg4 Qxg4 26. Qxg4
gxh6 27. Qd4+ 1-0